| 000 | 00347nam a22001217a 4500 | ||
|---|---|---|---|
| 082 |
_a363.7392 _bAUT _cD |
||
| 245 |
_aAuto / oil air quality improvement research progeam _cAqirp final report |
||
| 260 |
_aUsa _bAqirp final report _c1997 |
||
| 300 | _a56 p.: | ||
| 526 |
_a0 _b0 _c0 _d363_739200000000000_AUT |
||
| 700 |
_aNUST _91483 |
||
| 942 |
_2ddc _cBK |
||
| 999 |
_c542879 _d542879 |
||